[Event "IECG CP.2003.P.00033 email"]
[Site "IECG email"]
[Date "2003.10.01"]
[Round "?"]
[White "Papandrea, Sergio"]
[Black "Bilsel, Sabahaddin"]
[Result "0-1"]
[WhiteElo "800"]
[BlackElo "1939"]
[PlyCount "114"]
[EventDate "2003.10.01"]
[EventType "tourn (corr)"]
[EventRounds "6"]
[EventCountry "FRA"]
[SourceTitle "Corr 2008"]
[Source "ChessBase"]
[SourceDate "2008.06.24"]
[SourceVersion "1"]
[SourceVersionDate "2008.06.24"]
[SourceQuality "1"]

1. e4 c5 2. Nf3 d6 3. d4 cxd4 4. Nxd4 Nf6 5. Nc3 a6 6. Bg5 e6 7. f4 Nbd7 8. Qf3 Qc7 9. 0-0-0 Be7 10. g4 b5 11. Bxf6 Nxf6 12. g5 Nd7 13. f5 Nc5 14. f6 gxf6 15. gxf6 Bf8 16. Bh3 b4 17. Nce2 Bb7 18. Ng3 0-0-0 19. Rhe1 h5 20. Kb1 Rh6 21. Nxh5 Bxe4 22. Rxe4 Nxe4 23. Qxe4 Rxh5 24. Bxe6+ fxe6 25. Nxe6 Re5 26. Qa8+ Kd7 27. Nxc7 Rxa8 28. Nxa8 Rb5 29. Rf1 Rb8 30. Rf4 Rxa8 31. Rxb4 Ke6 32. Rf4 d5 33. Rf3 Bd6 34. h3 Rf8 35. a3 Be5 36. f7 a5 37. b3 d4 38. b4 axb4 39. a4 Bf6 40. Rb3 Rxf7 41. Rxb4 Rh7 42. Rb6+ Ke5 43. a5 Rxh3 44. Rb5+ Ke4 45. Rb3 Rxb3+ 46. cxb3 Ke3 47. Kc2 Ke2 48. b4 d3+ 49. Kb3 d2 50. Kc4 d1Q 51. Kc5 Be7+ 52. Kb5 Qd7+ 53. Kb6 Bg5 54. a6 Be3+ 55. Ka5 Qc6 56. a7 Bb6+ 57. Ka6 Bc7# 0-1